Saltar al contenido
Inicio
Centros participantes
Catálogo
Servicios
Contacto
登錄
English
Deutsch
Español
Français
Italiano
日本語
Nederlands
Português
Português (Brasil)
中文(简体)
中文(繁體)
Türkçe
עברית
Gaeilge
Cymraeg
Ελληνικά
Català
Euskara
Русский
Čeština
Suomi
Svenska
polski
Dansk
slovenščina
اللغة العربية
বাংলা
Galego
Tiếng Việt
Hrvatski
हिंदी
Հայերէն
Українська
Sámegiella
語言
全文檢索
題名
作者
主題
索引號
ISBN/ISSN
標簽
檢索
高級檢索
Identidad Etnica, Identidad Na...
引用
推薦此
打印
導出紀錄
導出到 RefWorks
導出到 EndNoteWeb
導出到 EndNote
加到收藏夾
Enlace Permanente
Agregar primera valuación
Identidad Etnica, Identidad Nacional, lengua y lingüistica. Lección inaugural del curso lectivo de 1993
Guardado en:
書目詳細資料
主要作者:
Zimmermann, Klaus
格式:
Texto
出版:
San José:
UCR
標簽:
添加標簽
沒有標簽, 成為第一個標記此記錄!
持有資料
實物特徵
您的評論
相似書籍
職員瀏覽
MARC
LEADER
00000 a a2200000 04500
001
25347
003
040
090
|a
181300
100
|a
Zimmermann, Klaus
245
|a
Identidad Etnica, Identidad Nacional, lengua y lingüistica. Lección inaugural del curso lectivo de 1993
260
|a
San José:
|b
UCR
300
|a
23 p.
999
|c
10546
|d
10546
相似書籍
Identidad étnica, Identidad nacional, Lengua y linguística /
由: Zimmermann, Klaus
出版: (1993)
Identidad étnica, identidad nacional, lengua y lingüística
由: Zimmermann, Klaus
出版: (1993)
Lección inaugural curso lectivo 2005 /
由: Miranda Camacho, Guillermo
出版: (2006)
La Europa dual; lección inaugural curso lectivo 1993, 15 de marzo de 1993
由: Calvo-Sotelo Bustelo, Leopoldo
La realidad nacional "85"